Score 0/16 Timer 02:00
0 Plays Today
Hint State % Correct
KAALSAAlaska
99.2%
HROTN ANCRAOILNorth Carolina
98.2%
NENTSESEETennessee
97.6%
SCNSIIWONWisconsin
97.2%
SSNRAAAKArkansas
96.7%
EHROD SDILANRhode Island
96%
ATUHUtah
95.8%
XTAESTexas
94.9%
Hint State % Correct
NREOTVMVermont
94.1%
NAANIIDIndiana
92.8%
ENW SPMHAHERINew Hampshire
91.6%
DAVEANNevada
91.3%
FOACLIIRANCalifornia
87.4%
AAERLDWEDelaware
86.8%
EAIGGROGeorgia
85.6%
NMAATONMontana
79.4%
Remove Ads.
Support Sporcle.
Get the best of Sporcle when you Go Orange. This ad-free experience offers more features, more stats, and more fun while also helping to support Sporcle. Thank you for becoming a member.

You're not logged in!

Compare scores with friends on all Sporcle quizzes.
OR
Log In

Show Comments

Extras

Top Quizzes Today


Score Distribution

Your Account Isn't Verified!

In order to create a playlist on Sporcle, you need to verify the email address you used during registration. Go to your Sporcle Settings to finish the process.

Report this User

Report this user for behavior that violates our Community Guidelines.

Details: